Spanende Fertigung
Salvato in:
| Autore principale: | |
|---|---|
| Natura: | Libro |
| Lingua: | tedesco |
| Pubblicazione: |
Essen
Vulkan
2001
|
| Edizione: | 3. Ausgabe |
| Soggetti: | |
| Tags: |
Nessun Tag, puoi essere il primo ad aggiungerne!!
|
MARC
| LEADER | 00000nam a22000003a 4500 | ||
|---|---|---|---|
| 001 | 0024378 | ||
| 003 | SK-STU | ||
| 005 | 20170608130422.5 | ||
| 007 | ta | ||
| 008 | 170608s ----xo-----e------000-0-----d | ||
| 020 | |a 3-8027-2925-0 | ||
| 040 | |a STU |b slo | ||
| 041 | 0 | |a ger | |
| 044 | |a gw | ||
| 100 | 1 | |a Weinert, Klaus |4 aut |7 unknown*0022501 | |
| 245 | 1 | 0 | |a Spanende Fertigung |c aut. Klaus Weinert |
| 250 | |a 3. Ausgabe | ||
| 260 | |a Essen |b Vulkan |c 2001 | ||
| 300 | |a 630 s. | ||
| 650 | 0 | 7 | |a obrábanie |7 unknown*stus11045 |
| 650 | 0 | 7 | |a rezanie |7 unknown*stus3558 |
| 996 | |b 284M087253 |c M* 13941-1 |l MMKN |s A |a 24 |w 0024378_0001 | ||